Miền Đông Nam Bộ kháng chiến 1945-1975 T.1

Trình bày một cách có hệ thống diễn tiến cuộc kháng chiến toàn dân, toàn diện, lâu dài, dựa vào sức mình là chính của quân và dân Đông Nam Bộ trong hai cuộc kháng chiến chống Thực dân Pháp và đế quốc Mỹ (1945-1975)...

Täydet tiedot

Tallennettuna:
Bibliografiset tiedot
Päätekijä: Nguyễn, Viết Tá
Aineistotyyppi: Kirja
Kieli:Undetermined
Julkaistu: H. Quân đội nhân dân 1990
Aiheet:
Linkit:http://lrc.tdmu.edu.vn/opac/search/detail.asp?aID=2&ID=30556
Tagit: Lisää tagi
Ei tageja, Lisää ensimmäinen tagi!
Thư viện lưu trữ: Trung tâm Học liệu Trường Đại học Thủ Dầu Một
LEADER 01166nam a2200217Ia 4500
001 TDMU_30556
008 210410s9999 xx 000 0 und d
082 |a 616.042 
100 |a Nguyễn, Viết Tá 
245 0 |a Miền Đông Nam Bộ kháng chiến 
245 0 |b 1945-1975 
245 0 |c Nguyễn Viết Tá 
245 0 |n T.1 
260 |a H. 
260 |b Quân đội nhân dân 
260 |c 1990 
300 |a 250tr 
520 |a Trình bày một cách có hệ thống diễn tiến cuộc kháng chiến toàn dân, toàn diện, lâu dài, dựa vào sức mình là chính của quân và dân Đông Nam Bộ trong hai cuộc kháng chiến chống Thực dân Pháp và đế quốc Mỹ (1945-1975) 
650 |a Lịch sử  |z Đông Nam Bộ( Việt Nam)  |x Kháng chiến chống Pháp; Lịch sử  |z Đông Nam Bộ(Việt Nam)  |x Kháng chiến chống Mỹ; Chiến tranh Việt Nam  |y 1945-1975 
856 |u http://lrc.tdmu.edu.vn/opac/search/detail.asp?aID=2&ID=30556 
980 |a Trung tâm Học liệu Trường Đại học Thủ Dầu Một